LEADER 01320nam 2200373 450 001 000016026 005 20050718115600.0 010 $a0-8247-1282-X 100 $a20030901d1982----km-y0itay0103----ba 101 0 $aeng 102 $aUS 200 1 $aCommutative algebra$eanalytical methods$fedited by Richard N. Draper 210 $aNew York ; Basel$cMarcel Dekker$dc1982 215 $aVIII, 291 p.$d26 cm. 225 2 $aLecture notes in pure and applied mathematics$v68 410 0$12001$aLecture notes in pure and applied mathematics 606 $aAlgebra 676 $a512.24$v(21. ed.)$9Algebre fondate sulle proprietà dei gruppi 691 $a13-XX$9Commutative rings and algebras 702 1$aDraper,$bRichard N. 801 0$aIT$bUniversità della Basilicata - B.I.A.$gRICA$2unimarc 912 $a000016026 996 $aCommutative algebra$980108 997 $aUNIBAS BAS $aMONSCI BAS $aSCIENZE CAT $aEXT002$b01$c20030901$lBAS01$h1050 CAT $c20050601$lBAS01$h1755 CAT $abatch$b01$c20050718$lBAS01$h1052 CAT $c20050718$lBAS01$h1112 CAT $c20050718$lBAS01$h1142 CAT $c20050718$lBAS01$h1156 FMT Z30 -1$lBAS01$LBAS01$mBOOK$1BASA2$APolo Tecnico-Scientifico$2GEN$BCollezione generale$3MAT$666923$5S66923$820030901$f51$FRiservati LEADER 01198nam0 2200289 450 001 000044085 005 20180221100136.0 100 $a20180205d1948----km-y0itaa50------ba 101 0 $aita 102 $aIT 200 1 $aBonifica dei Dossi di Remondò$epiano di massima 205 $a2. ed 210 $aNovara$cStab. Tip. Cattaneo$d1948 215 $a88 p., [2] carte di tav. ripieg.$cill.$d25 cm 225 2 $aCollana di studi sull'irrigazione$v2 410 0$12001$aCollana di studi sull'irrigazione$v2 606 1 $aGambolò $xIrrigazione 676 $a333.913$v(22. ed.)$9Economia della terra (economia fondiaria) e dell'energia. Acqua per l'irrigazione 710 02$aAssociazione irrigazione est Sesia$c$0446711 801 0$aIT$bUniversità della Basilicata - B.I.A.$gREICAT$2unimarc 912 $a000044085 996 $aBonifica dei Dossi di Remondò$91532543 997 $aUNIBAS CAT $aSTD016$b01$c20180205$lBAS01$h1807 CAT $aTTM$b30$c20180221$lBAS01$h1001 FMT Z30 -1$lBAS01$LBAS01$mBOOK$1BASA2$APolo Tecnico-Scientifico$2FVIG$BFondo Viggiani$3FVig/41917$641917$5T41917$7Collocato presso la Scuola di Agraria$820180205$f35$FStanza riservata